| 000 | 00839cam a22002533a 4500 | ||
|---|---|---|---|
| 001 | 20834 | ||
| 003 | PGUSA | ||
| 005 | 20140828083437.0 | ||
| 008 | 070316s2007||||xxu|||||s|||||000 1 eng d | ||
| 040 |
_aPGUSA _beng |
||
| 042 | _adc | ||
| 050 | 4 | _aPZ | |
| 100 | 1 | _aEmerson, Alice B. | |
| 245 | 1 | 0 |
_aRuth Fielding at the War Front ; _bor, The Hunt for the Lost Soldier _h[electronic resource] / _cAlice B. Emerson |
| 260 |
_bProject Gutenberg, _c2007 |
||
| 506 | _aPublic domain in the USA. | ||
| 516 | _aElectronic text | ||
| 653 | _aWorld War, 1914-1918 -- War work -- Juvenile fiction | ||
| 653 | _aWorld War, 1914-1918 -- Women -- Juvenile fiction | ||
| 653 | _aFielding, Ruth (Fictitious character) -- Juvenile fiction | ||
| 830 | 0 |
_aProject Gutenberg _v20834 |
|
| 856 | 4 | 0 | _uhttp://www.gutenberg.org/ebooks/20834 |
| 942 | _cEB | ||
| 999 |
_c250089 _d250089 |
||